00484nam a2200205Ia 4500008004100000020001800041050001600059100001800075245002600093245002100119260001500140260001600155260000900171300001600180300002000196300001000216300003800226440000600264500000800270170918s9999 xx 000 0 und d a9780439027021 bR585se 2006 aRiordan, Rick 4aThe sea of monsters / cby Rick Riordan. aNew York : bScholastic, c2006 a279 pages : billustrations ; c19cm. ePercy Jackson and the Olympians ; a2 a740